| 000 | 01234cam a22003137a 4500 | ||
|---|---|---|---|
| 003 | CHAP | ||
| 005 | 20220329142031.0 | ||
| 008 | 990323d1996 mx a r 00010 spa d | ||
| 010 | _a77348 | ||
| 011 | _a78320 | ||
| 035 | _a88224 | ||
| 040 | _cCHAP | ||
| 082 | 0 | 4 |
_a658.312404 _bI58 |
| 110 | 2 |
_aInstituto Interamericano de Cooperación para la Agricultura. Servicio de Capacitación, Educación y Comunicación _959223 |
|
| 245 | 1 | 0 |
_aManual : _belementos para programar ejecutar y evaluar actividades de capacitación _c/por IICA. Servicio de Capacitacion, Educación y Comunicación |
| 260 |
_aSan José, C.R. : _bIICA. Servicio de Capacitación, Educación y Comunicación, _c1996. |
||
| 300 |
_a117 h. : _bilus. ; cuadros |
||
| 590 |
_aBATCH-UPD _b10 _c20130110 _lUCH01 _h1616 |
||
| 590 |
_aBATCH-UPD _b10 _c20130410 _lUCH01 _h1010 |
||
| 590 |
_aBATCH-UPD _b10 _c20130914 _lUCH01 _h0839 |
||
| 590 |
_aCONVERSION _b10 _c20130109 _lUCH01 _h1343 |
||
| 650 | 1 | 4 |
_aCapacitación. _918690 |
| 650 | 1 | 4 |
_aPersonal _xAdministración de. _987325 |
| 650 | 1 | 4 |
_aProgramas de capacitación. _992376 |
| 901 | _aBK | ||
| 905 | _aGuadalupe Pinto C. | ||
| 942 | _cLIBRO | ||
| 949 |
_a658.312404 I58 _bBC _cLIBRO _d33724000718730 _eLIBRO _h93335 _i88224 _sb |
||
| 999 |
_c77348 _d77348 |
||